00400 a2200121 4500001001000000005001700010008004100027245006400068100002700132700003500159773006700194999001700261ART_1876120260410161920.0260409a 10aLa prórroga de las sociedades de responsabilidad limitada1 aEscuti, Ignacio A. (h)1 aBisio de Viano, María Isabel0 tLa informacióng- Tomo XXXVII, Nº 579 (mar. 1978)wREV14902 c27603d27603